Hetalia Character Quiz #2 - Statistics

General Stats
  • This quiz has been taken 584 times
  • The average score is 6 of 15
Answer Stats
Hint Answer % Correct
"B-But Romano is precious to me..." Spain
96%
"I will protect Austria-san" Hungary
79%
"Brother,I made you pajamas" Liechtenstein
56%
"I like those Gods the best...but it gets really bloody afterwards" Greece
53%
"NOT AGAIN JAPAN!!!!!!Give out your own opinions!!!!! Switzerland
51%
"Then,Aniki's breasts are mine right?" South Korea
45%
"If you want a kiss,how about I give you one on the cheek?" Belgium
42%
"CHIGIIIIII!!!!!!" Chibi Romano
34%
"Freakin rock,paper,scissors?!?!?!?!?!?!" Turkey
34%
"Not if Spain's around" Netherlands
33%
"F#ck$ng!B*tch!" Tony
29%
"AMERICA!!!What are you doing here?!?!?!?!" Cuba
28%
"Who?" Kumajirou
25%
"I'm sorry,I suppose,I won't do it again,I suppose" Hong Kong
24%
"What are they doing here out of all places?" Seychelles
12%
No matching quizzes found
Score Distribution
Percent of People with Each Score
Percentile by Number Answered
Your Score History
You have not taken this quiz